Zákon č. 563/2009 Z.z. o správe daní (daňový poriadok)

Na minha lista:
Detalhes bibliográficos
Formato: Livro
Idioma:eslovaco
Publicado em: Bratislava Iura Edition 2011
Colecção:APP
Assuntos:
Tags: Adicionar Tag
Sem tags, seja o primeiro a adicionar uma tag!

MARC

LEADER 00000nam a2200000 4500
001 0148835
005 20240318120931.7
020 |a 978-80-8078-441-6 
041 0 |a slo 
044 |a SK 
245 1 0 |a Zákon č. 563/2009 Z.z. o správe daní  |b (daňový poriadok) 
264 1 |a Bratislava  |b Iura Edition  |c 2011 
300 |a 138 s. 
490 1 |a APP 
830 0 |a APP 
610 2 0 |a politika daňová 
610 2 0 |a správa daňová 
610 2 0 |a predpisy právne 
610 2 0 |a dane 
610 2 0 |a Slovensko